100 nejhezčích výletů po Česku a Slovensku pěšky, na kole, lodí a na lyžích

Bibliographic Details
Main Author: Hocek, Jan 1970- (Author)
Format: Book
Language:Czech
PhysicalDescription:219 strán fotografie, farebné ilustrácie, mapy 24 cm
Published: Praha Euromedia Group 2020
ISBN:9788024267500
Edition:Vydání první
Series:Universum
Subjects:

MARC

LEADER 00000cam a2200000 4500
001 vtls011997909
003 SK-MaSNL
005 20260425231131.0
008 201014s2020 xr oab er 000 0 cze
015 |a SNBZSA2021/06 
020 |a 9788024267500  |q (viazané) 
040 |a SNK  |b slo  |c SNK  |e rda 
041 0 |a cze 
043 |a e-xr---  |a e-xo--- 
044 |a xr  |c CZ 
072 7 |a 913(437)  |x Geografia Česka a Slovenska, reálie, cestovanie  |2 konspekt 
080 |a 913:338.483.1  |2 2011 
080 |a 796.5:625.711.8  |2 2011 
080 |a 338.483  |2 2011 
080 |a (437.3)  |2 2011 
080 |a (437.6)  |2 2011 
080 |a (036)913  |2 2011 
080 |a (084.12)  |2 2011 
100 1 |a Hocek, Jan  |d 1970-  |4 aut  |9 441059 
245 1 0 |a 100 nejhezčích výletů po Česku a Slovensku  |b pěšky, na kole, lodí a na lyžích  |c Jan Hocek 
246 3 |a Sto nejhezčích výletů po Česku a Slovensku 
250 |a Vydání první 
264 1 |a Praha  |b Euromedia Group  |c 2020 
300 |a 219 strán  |b fotografie, farebné ilustrácie, mapy  |c 24 cm 
336 |a text  |b txt  |2 rdacontent 
336 |a statický obraz  |b sti  |2 rdacontent 
337 |a bez média  |b n  |2 rdamedia 
338 |a zväzok  |b nc  |2 rdacarrier 
490 1 |a Universum 
650 0 7 |a turistické zaujímavosti  |2 SNKPH  |9 73869 
650 0 7 |a turistické trasy  |2 SNKPH  |9 72845 
650 0 7 |a Tourist sights  |2 SNKPHeng  |9 296885 
650 0 7 |a Tourist trails  |2 SNKPHeng  |9 303449 
650 0 7 |a geografia cestovného ruchu  |2 SNKPH  |9 67494 
650 0 7 |a Geography of tourism  |2 SNKPHeng  |9 368653 
651 7 |a Česko  |2 SNKPHgeo  |9 16753 
651 7 |a Czechia  |2 SNKPHeng  |9 170107 
651 7 |a Slovensko  |2 SNKPHgeo  |9 14231 
651 7 |a Slovakia  |2 SNKPHeng  |9 92630 
655 7 |a turistickí sprievodcovia (publikácie)  |2 SNKPH  |9 191298 
655 7 |a fotografické publikácie  |2 SNKPH  |9 70483 
655 7 |a Tourist guides  |2 SNKPHeng  |9 274119 
655 7 |a Photographic publication  |2 SNKPHeng  |9 266858 
830 0 |a Universum  |9 313631 
919 |a 978-80-242-6750-0 
958 |a ZS 
999 |c 695613  |d 697543 
952 |a SNK  |b SNK  |y PREZ  |7 0  |p 17A1450375  |o snkSC 191963  |i snk2021/1669  |8 2  |g 18.76  |0 0  |1 0  |4 0  |d 2020-12-17  |f 1  |l 0  |r 2025-10-09 00:00:00  |w 2026-02-23 
952 |a SNKUST  |b SNKUST  |y PREZ  |7 0  |p 17A1458663  |o snkSC 191963 D1  |i snk2021/13190  |8 4  |g 14.22  |0 0  |1 0  |4 0  |d 2021-08-10  |l 0  |r 2026-02-23 20:40:44  |w 2026-02-23